| 000 | 00794nam a2200205Ia 4500 | ||
|---|---|---|---|
| 008 | 220216s9999 xx 000 0 und d | ||
| 100 | _aRoy C B | ||
| 245 | 0 | _aPhylogenetic relationships of Colletotrichum species infecting rubber (Hevea brasiliensis) based on nuclear ribosomal DNA spacer sequences | |
| 260 |
_bIn: Emerging Trends in Mycology Plant Pathology and Microbial Biotechnology (Eds. G. Bagyanarayana, B. Bhadraiah and I.K. Kunwar). BS Publications, Hyderabad, India, pp.284-298. _c2005 |
||
| 650 | _aColletotrichum acutatum | ||
| 650 | _aColletotrichum gloeosporioides | ||
| 650 | _aITS-RFLP | ||
| 650 | _aPhylogenetic relationship | ||
| 650 | _arDNA spacers | ||
| 700 | _aJacob C K | ||
| 700 |
_aNazeer _BM A |
||
| 700 | _aRavindran R | ||
| 700 | _aSaha T | ||
| 942 | _cBS | ||
| 999 |
_c50021 _d50021 |
||